| 000 | 00000nas 2200000za 4500 |
| 001 | 9.864295 |
| 003 | CaOODSP |
| 005 | 20221107161513 |
| 007 | cr ||||||||||| |
| 008 | 181106d19451959oncar p oss f000#b0fre|d |
| 022 | # |y0384-4617 |
| 040 | |aCaOODSP|bfre |
| 041 | |aeng|afre |
| 043 | |an-cn--- |
| 086 | 1 |aCS35-205-PDF |
| 245 | 00|aSash, door and planing mills industry |h[ressource électronique] = |bFabriques de portes et châssis et ateliers de rabotage. |
| 246 | 11|aFabriques de portes et châssis et ateliers de rabotage |
| 246 | 13|aFabriques de portes et châssis et ateliers de rabotage|f1947 |
| 246 | 13|aIndustrie des portes et châssis et du rabotage |f1948-1959 |
| 246 | 14|aRapport sur les fabriques des portes et châssis et les ateliers de rabotage au Canada |f1945-1946 |
| 246 | 14|aReport on the sash, door and planing mills industry in Canada|f1945-1946 |
| 246 | 10|aSash, door and planing mills industry in Canada |
| 260 | |aOttawa : |bDominion Bureau of Statistics, Census of Industry, Forest Products Statistics = Bureau fédéral de la statistique, Recensement de l'industrie, Statistiques des produits forestiers,|c1947-1961. |
| 300 | |a15 v. |
| 310 | |aAnnuel |
| 362 | 0 |a1945-1959. |
| 490 | 0 |aAnnual census of manufactures = Recensement annuel des manufactures |
| 500 | |aLa livr. de 1947 comporte le titre: Sash, door and planing mills industry in Canada. |
| 500 | |aÉdition numérisée de l’imprimé [par Statistique Canada] |
| 515 | |aLes livr. de 1949-1950 sont numérotées v. 2, pt. IX-D1; 1951-1953 numérotées v. 2, pt. VIII-D1; 1954-1957 numérotées v. 2, pt. X-D1. |
| 546 | |aTexte en anglais et en français. |
| 550 | |aLes livr. de 1947-1956 publiées par la Section des forêts; 1957-1959 par la Division de l'industrie et du commerce. |
| 580 | |aFait suite à: Planing mills and sash and door factories. |
| 580 | |aSuivi de : Sash, door and planing mills, excluding hardwood flooring. |
| 692 | 07|2gccst|aIndustrie du bois |
| 710 | 1 |aCanada. |bBureau fédéral de la statistique. |bStatistiques des produits forestiers. |
| 710 | 1 |aCanada. |bBureau fédéral de la statistique. |bSection des forêts. |
| 710 | 1 |aCanada. |bBureau fédéral de la statistique. |bDivision de l'industrie et du commerce. |
| 780 | 00|tPlaning mills and sash and door factories |w(CaOODSP)9.864302 |
| 785 | 00|tSash, door and planing mills, excluding hardwood flooring |w(CaOODSP)9.864284 |
| 791 | |tSash, door and planing mills industry |eeng|w(CaOODSP)9.864291 |